Statistiques concernant Géographie en sept lettres

Cliquez ici pour prendre le quiz!

Statistiques générales

  • Ce quiz a été pris 323 fois
    (274 depuis la dernière actualisation)
  • Le résultat moyen est 11 sur 15

Statistiques - réponses

Questions Answer % Correct
Pays qui a comme capitale ZagrebCroatie
95%
Plus petit pays du mondeVatican
93%
Capitale de la LituanieVilnius
89%
Plus grand pays d'AfriqueAlgérie
85%
Pays qui avait eu comme dictateur Francisco FrancoEspagne
85%
Région nordique de la russieSibérie
83%
Pays à la pointe est de l'afriqueSomalie
80%
Capitale économique du Canada ainsi que la capitale de l'OntarioToronto
75%
Plus grande ville de l'illinoisChicago
74%
Capitale de l'Irlande du NordBelfast
70%
Plus grande ville du texasHouston
66%
État du sud qui à comme capitale tallahasseeFloride
57%
État le moins peuplé des États-UnisWyoming
44%
Ville américaine qui a déclaré failliteDétroit
43%
Lieu de l'assasinat de Martin Luther KingMemphis
23%

Distribution des résultats

Percentile par nombre de réponses

% des personnes avec chaque résultat

Votre développement - résultats

Vous n’avez pas pris ce quiz depuis la dernière actualisation